00314nam a2200121Ia 4500008004000000082001300040100001900053245004200072260003900114300001000153440000600163650002300169210210b1996 xxu||||| |||| 00| 0 eng d a540 LAST aLASRADO (V S). aText book of chemistry.V2. I I P U C. aMangalorebUnited publishersc1996 ax,554 a2 aChemistry II P U C